| 000 | 00872nam a2200217 u 4500 | ||
|---|---|---|---|
| 001 | 000349719 | ||
| 003 | AM-YeHGA | ||
| 005 | 20250618072204.0 | ||
| 008 | 040708s1976 ai r 000 0 arm d | ||
| 040 | _aAM-YeHGA | ||
| 041 | 0 | _aarm | |
| 100 | 1 | _aՍահակյան, Հենրիկ Արսենի | |
| 245 | 1 | 0 |
_aՀայաստանի տեղական սովետների գործունեությունը Հայրենական Մեծ պատերազմի տարիներին / _cՀ.Ա. Սահակյան. |
| 260 |
_aԵրևան : _bԱ. հ., _c1976. |
||
| 300 |
_a40 էջ ; _c22 սմ. |
||
| 440 | 0 | _aՕգնություն դասախոսին | |
| 504 | _aՄատենագիտ.՝ տողատակի ծանոթագր. | ||
| 650 | 1 | 4 |
_aՏեղական կառավարման մարմիններ _zՀայաստան |
| 650 | 1 | 4 |
_aՀայրենական Մեծ պատերազմ _9887 |
| 090 | _c135045 | ||
| 999 |
_c133678 _d133678 |
||